[Event "Daventry 4NCL Easter op-C 2nd"]
[Site "Daventry"]
[Date "2022.04.17"]
[Round "5"]
[White "Wallman, James"]
[Black "Horspool, Ben"]
[Result "0-1"]
[WhiteElo "1601"]
[BlackElo "1525"]
[PlyCount "92"]
[EventDate "2022.04.15"]
[EventType "swiss"]
[EventRounds "7"]
[EventCountry "ENG"]
[SourceTitle "CBM 207 Extra"]
[Source "ChessBase"]
[SourceDate "2022.05.31"]
[SourceVersion "1"]
[SourceVersionDate "2022.05.31"]
[SourceQuality "1"]

1. e4 e5 2. Nf3 Nc6 3. Bc4 Bc5 4. c3 d6 5. b4 Bb6 6. a4 a6 7. a5 Ba7 8. Qb3 Qe7 9. d3 h6 10. 0-0 Nf6 11. h3 0-0 12. Be3 Be6 13. Bxa7 Rxa7 14. Nbd2 Raa8 15. Nh2 Qd7 16. Bxe6 fxe6 17. Qd1 Ne7 18. f4 exf4 19. Rxf4 e5 20. Rf2 Ng6 21. Ndf3 Rae8 22. Nf1 Nf4 23. Ne3 Qb5 24. Rd2 Rf7 25. Rb1 Ref8 26. c4 Qd7 27. Qf1 N6h5 28. Nf5 Rf6 29. Rbd1 Kh7 30. d4 exd4 31. Rxd4 g6 32. N5h4 Ng3 33. Qf2 Nge2+ 34. Kh2 Nxd4 35. Qxd4 Nxh3 36. gxh3 Rxf3 37. Nxf3 Rxf3 38. Kg2 Qxh3+ 39. Kg1 Qg3+ 40. Kh1 Rf2 41. Qxf2 Qxf2 42. Rg1 Qh4+ 43. Kg2 Qxe4+ 44. Kh2 Qh4+ 45. Kg2 Qg4+ 46. Kh1 Qh3# 0-1

[Event "Harrogate 4NCL op-C 27th"]
[Site "Harrogate"]
[Date "2022.01.22"]
[Round "2"]
[White "Horspool, Ben"]
[Black "Llewellyn, Alan Mansel"]
[Result "1/2-1/2"]
[WhiteElo "1478"]
[BlackElo "1629"]
[PlyCount "54"]
[EventDate "2022.01.21"]
[EventType "swiss"]
[EventRounds "5"]
[EventCountry "ENG"]
[SourceTitle "CBM 206 Extra"]
[Source "ChessBase"]
[SourceDate "2022.03.31"]
[SourceVersion "1"]
[SourceVersionDate "2022.03.31"]
[SourceQuality "1"]

1. d4 Nf6 2. Bf4 c6 3. c3 Nh5 4. Bg5 h6 5. Bh4 g5 6. Bg3 Nxg3 7. hxg3 d5 8. e3 Bf5 9. Nf3 Bg7 10. Bd3 Be4 11. Qc2 Qb6 12. Bxe4 dxe4 13. Ne5 Bxe5 14. dxe5 Nd7 15. e6 Nc5 16. exf7+ Kxf7 17. 0-0 Nd3 18. b3 Qc5 19. Nd2 Qe5 20. Rad1 Rad8 21. Nc4 Qc5 22. Rd2 b5 23. Nb2 Nxb2 24. Qxb2 Rxd2 25. Qxd2 Qd5 26. Qxd5+ cxd5 27. Rd1 e6 1/2-1/2